Guía de estudio de la lengua española (Record no. 8865)

MARC details
000 -CABECERA
campo de control de longitud fija 00882nam a2200241 a 4500
001 - NÚMERO DE CONTROL
campo de control BRL_52
005 - FECHA Y HORA DE LA ÚLTIMA TRANSACCIÓN
campo de control 20190320210552.0
008 - DATOS DE LONGITUD FIJA--INFORMACIÓN GENERAL
campo de control de longitud fija 821213s1950----mx-#######---#000-0#spa-#
041 ## - CÓDIGO DE LENGUA
Código de lengua del texto/banda sonora o título independiente spa
044 ## - CÓDIGO DEL PAÍS DE LA ENTIDAD EDITORA/PRODUCTORA
Código MARC del país mx
050 #4 - SIGNATURA TOPOGRÁFICA DE LA BIBLIOTECA DEL CONGRESO
Número de clasificación PC4111
Número de documento/Ítem .G37 1950
100 1# - ENTRADA PRINCIPAL--NOMBRE DE PERSONA
Nombre de persona Garza de del Castillo, Ofelia
9 (RLIN) 22772
245 10 - MENCIÓN DE TÍTULO
Título Guía de estudio de la lengua española
Resto del título para uso de los alumnos de las escuelas de segunda enseñanza : segundo año
Mención de responsabilidad, etc. editores Ofelia Garza Nuncio de del Castillo y José Salustio del Castillo Hernández.
250 ## - MENCIÓN DE EDICIÓN
Mención de edición 8
260 ## - PUBLICACIÓN, DISTRIBUCIÓN, ETC.
Lugar de publicación, distribución, etc. México
Nombre del editor, distribuidor, etc. Aldina, Rosell y Sordo Noriega
Fecha de publicación, distribución, etc. 1950
300 ## - DESCRIPCIÓN FÍSICA
Extensión x, 222 p.
Dimensiones 18 cm.
500 ## - NOTA GENERAL
Nota general Estado físico: Encuadernación deteriorada
500 ## - NOTA GENERAL
Nota general Au99
650 14 - PUNTO DE ACCESO ADICIONAL DE MATERIA--TÉRMINO DE MATERIA
Término de materia o nombre geográfico como elemento de entrada Idioma español
Subdivisión de forma Guías
Subdivisión general Composición y ejercicios
9 (RLIN) 22773
700 1# - PUNTO DE ACCESO ADICIONAL--NOMBRE DE PERSONA
Nombre de persona Castillo Hernández, José Salustio del
Término indicativo de función/relación ed.
9 (RLIN) 22774
902 ## - CATALOGADOR
Iniciales GRL
942 ## - ELEMENTOS DE PUNTO DE ACCESO ADICIONAL (KOHA)
Fuente del sistema de clasificación o colocación Library of Congress Classification
Tipo de ítem Koha Libros
Holdings
Estado de retiro Estado de pérdida Estado dañado No para préstamo Localización permanente Ubicación/localización actual Fecha de adquisición Número de inventario Total de préstamos Signatura topográfica completa Código de barras Fecha visto por última vez Precio válido a partir de Tipo de ítem Koha
El ejemplar forma parte de la colección y puede ser consultado según las políticas vigentes.       Biblioteca Centro de Estudios Ruth D. Lechuga Biblioteca Centro de Estudios Ruth D. Lechuga 02/10/2012 Au99   PC4111 .G37 1950 (Au99) GRL00052 22/03/2019 22/03/2019 Libros